| 000 | 01835nam0a2200409 4500 | ||
|---|---|---|---|
| 001 | RU\NLR\bibl\903405 | ||
| 005 | 20260405094032.0 | ||
| 010 |
_a5-93761-058-X _bв обл. _9500 |
||
| 021 |
_aRU _b2005-75242 _93710 |
||
| 035 | _a(nilc)RSL-KNO-002773802 | ||
| 035 | _a(NLR Aleph) 000891827 | ||
| 090 |
_a1723213 _c1723213 |
||
| 100 | _a20051117d2005 |||y0rusy50 ca | ||
| 101 | 0 | _arus | |
| 102 | _aRU | ||
| 105 | _ay ||||||||| | ||
| 106 | _ar | ||
| 200 | 1 |
_aВеликие геологические открытия _dThe Great geological discoveries _fС. И. Романовский _zeng |
|
| 205 | _a2-е изд., перераб. и доп. | ||
| 210 |
_aСПб. _cИзд-во ВСЕГЕИ _d2005 _gС.-Петерб. картопеч. ф-ка ВСЕГЕИ |
||
| 215 |
_a224 с. _cил., портр. _d22 |
||
| 300 | _aАвт. также на англ. яз.: S.I. Romanovsky | ||
| 320 | _aБиблиогр.: с. 218-220 | ||
| 510 | 1 |
_6z20790 _aThe Great geological discoveries _zeng |
|
| 606 | 1 |
_aГеология _xИстория _91405555 _3RU\NLR\auth\66279718 |
|
| 610 | 0 | _aНауки о Земле (геодезические, геофизические, геологические и географические науки) -- Геологические науки -- История науки -- Пособие для специалистов | |
| 686 |
_aД3г,07 _2rubbk |
||
| 686 | _aД3г | ||
| 700 | 1 |
_4070 _8rus _7ca _aРомановский _bС.И. _f1937- _gСергей Иванович _3RU\NLR\auth\7734849 _917848 |
|
| 790 | 1 |
_4070 _8rus _7ba _aRomanovskij _bS. I. _f1937- _gSergej Ivanovič _3RU\NLR\auth\7734851 _917850 |
|
| 801 | 0 |
_aRU _bRuMoRKP _c20051117 _grcr |
|
| 801 | 1 |
_aRU _bRuMoRGB _c20051117 |
|
| 801 | 2 |
_aRU _bNLR _c20060203 _grcr |
|
| 830 | _aпо кн | ||
| 942 | _cBOOK | ||
| 980 | _aNB | ||